<?xml version="1.0" encoding="UTF-8"?><record xmlns="http://www.loc.gov/MARC21/slim" xmlns:zs="http://docs.oasis-open.org/ns/search-ws/sruResponse">
  <leader>01063cz  a2200265n  4500</leader>
  <controlfield tag="001">n  80005077 </controlfield>
  <controlfield tag="003">DLC</controlfield>
  <controlfield tag="005">20230919064645.0</controlfield>
  <controlfield tag="008">800324n| azannaabn          |a aaa      </controlfield>
  <datafield ind1=" " ind2=" " tag="010">
    <subfield code="a">n  80005077 </subfield>
    <subfield code="z">no 98000684 </subfield>
  </datafield>
  <datafield ind1=" " ind2=" " tag="035">
    <subfield code="a">(OCoLC)oca00387711</subfield>
  </datafield>
  <datafield ind1=" " ind2=" " tag="040">
    <subfield code="a">DLC</subfield>
    <subfield code="b">eng</subfield>
    <subfield code="e">rda</subfield>
    <subfield code="c">DLC</subfield>
    <subfield code="d">MnHi</subfield>
    <subfield code="d">DLC</subfield>
    <subfield code="d">ICU</subfield>
    <subfield code="d">DLC</subfield>
    <subfield code="d">OCoLC</subfield>
  </datafield>
  <datafield ind1=" " ind2=" " tag="046">
    <subfield code="f">1778-09-09</subfield>
    <subfield code="g">1842-07-28</subfield>
    <subfield code="2">edtf</subfield>
  </datafield>
  <datafield ind1=" " ind2="0" tag="053">
    <subfield code="a">PT1825</subfield>
  </datafield>
  <datafield ind1="1" ind2=" " tag="100">
    <subfield code="a">Brentano, Clemens,</subfield>
    <subfield code="d">1778-1842</subfield>
  </datafield>
  <datafield ind1=" " ind2=" " tag="374">
    <subfield code="a">Poet</subfield>
    <subfield code="a">Novelist</subfield>
  </datafield>
  <datafield ind1=" " ind2=" " tag="377">
    <subfield code="a">ger</subfield>
  </datafield>
  <datafield ind1="1" ind2=" " tag="400">
    <subfield code="a">Brentano, Clemens Maria,</subfield>
    <subfield code="d">1778-1842</subfield>
  </datafield>
  <datafield ind1="1" ind2=" " tag="400">
    <subfield code="a">Brentano, Clement,</subfield>
    <subfield code="d">1778-1842</subfield>
  </datafield>
  <datafield ind1="1" ind2=" " tag="400">
    <subfield code="a">Brentano, Clemens von,</subfield>
    <subfield code="d">1778-1842</subfield>
  </datafield>
  <datafield ind1="1" ind2=" " tag="400">
    <subfield code="a">Von Brentano, Clemens,</subfield>
    <subfield code="d">1778-1842</subfield>
  </datafield>
  <datafield ind1="1" ind2=" " tag="400">
    <subfield code="a">Brentano, Klemens,</subfield>
    <subfield code="d">1778-1842</subfield>
  </datafield>
  <datafield ind1=" " ind2=" " tag="670">
    <subfield code="a">The wedding at Cana, 1913:</subfield>
    <subfield code="b">t.p. (Clement Brentano)</subfield>
  </datafield>
  <datafield ind1=" " ind2=" " tag="670">
    <subfield code="a">Die Nachtigall, 1987:</subfield>
    <subfield code="b">t.p. (Clemens v. Brentano)</subfield>
  </datafield>
  <datafield ind1=" " ind2=" " tag="670">
    <subfield code="a">Wikipedia, March 12, 2014</subfield>
    <subfield code="b">(Clemens Brentano, or Klemens Brentano; born 9 September 1778 in Ehrenbreitstein; died  28 July 1842 in Aschaffenburg; German poet and novelist, and a major figure of German Romanticism)</subfield>
  </datafield>
</record>
